Anglo-American Cataloguing Rules : Edited by Michael Gorman and Paul W. Winkler

Bibliographic Details
Format: Book
Published: London : The Library Association , 1978
Edition:2nd ed.
Subjects:

MARC

LEADER 00000cam a2200000 7i4500
001 0000007914
005 20161018.0
020 |a 0853656819 
040 |a INS 
090 0 0 |a Z694   |b A23 1978 
245 0 0 |a Anglo-American Cataloguing Rules :   |b Edited by Michael Gorman and Paul W. Winkler 
250 |a 2nd ed. 
260 |a London :   |b The Library Association ,   |c 1978 
300 |a 620p :   |b 25 cm 
650 0 0 |a Descriptive Cataloging Rules 
999 |a 0000023901   |b BOOK   |c Open Shelf   |e Default branch